Kiran's SBI PO online exam State Bank of India and State Bank Associates probationary officer online exam/ (Record no. 91973)

MARC details
000 -LEADER
fixed length control field 00851nam a22001937a 4500
005 - DATE AND TIME OF LATEST TRANSACTION
control field 20150226174711.0
010 ## - LCCN (DPL NO)
LC control number B-591393
020 ## - INTERNATIONAL STANDARD BOOK NUMBER
Terms of availability 675.00
035 ## - SYSTEM CONTROL NUMBER
System control number B-591393
037 ## - SOURCE OF ACQUISITION
Source of stock number/acquisition UBH
082 ## - DEWEY DECIMAL CLASSIFICATION NUMBER
Classification number 000
245 ## - TITLE STATEMENT
Title Kiran's SBI PO online exam State Bank of India and State Bank Associates probationary officer online exam/
260 ## - PUBLICATION, DISTRIBUTION, ETC. (IMPRINT)
Place of publication, distribution, etc New Delhi
Name of publisher, distributor, etc Kiran Prakashan
Date of publication, distribution, etc 2015
270 ## - ADDRESS
Address RU-67, Pitampura,
City Delhi
Postal code 110034
Telephone number 011-27345258, 27342249
300 ## - PHYSICAL DESCRIPTION
Extent vp
Dimensions 28cm(pbk)
500 ## - GENERAL NOTE
General note self study guide-cum-practice work book. Advice-cum-detailed study material on all the subjects of the exam(both objective & descriptive type tests.
942 ## - ADDED ENTRY ELEMENTS (KOHA)
Source of classification or shelving scheme Dewey Decimal Classification
Item type English Books
Classification part 000
Call number suffix KIR
Holdings
Withdrawn status Lost status Not for loan Collection code Home library Current library Date acquired Source of acquisition Cost, normal purchase price Full call number Barcode Copy number Cost, replacement price Koha item type
      Non-fiction Sarojini Nagar Sarojini Nagar 26/02/2015 UBH/227/20.12.14/DPL/ZLS/RP/2014-15/3/15/8.12.14/20.1.15 675.00 000 KIR B-591393 1 675.00 English Books

© Delhi Public Library
Hit Counter
free hit counter